[Event "Cologne Chess Days op"]
[Site "Cologne"]
[Date "2009.08.27"]
[Round "1"]
[White "Lecomte, Romain"]
[Black "Quabach, Juergen"]
[Result "1/2-1/2"]
[WhiteElo "1789"]
[BlackElo "2144"]
[PlyCount "82"]
[EventDate "2009.08.27"]
[EventType "swiss"]
[EventRounds "7"]
[EventCountry "GER"]
[SourceTitle "EXT 2011"]
[Source "ChessBase"]
[SourceDate "2010.11.26"]
[SourceVersion "1"]
[SourceVersionDate "2010.11.26"]
[SourceQuality "1"]

1. d4 e6 2. c4 Nf6 3. g3 d5 4. Bg2 Bb4+ 5. Bd2 Nc6 6. Nf3 0-0 7. 0-0 a5 8. e3 Ra6 9. c5 Bxd2 10. Qxd2 Ne4 11. Qc1 e5 12. Nxe5 Nxe5 13. dxe5 Qe7 14. Nc3 Qxe5 15. Nxe4 dxe4 16. Qc2 Re8 17. a3 Rh6 18. Rad1 Qh5 19. h4 Qe5 20. Qxe4 Rhe6 21. Qxe5 Rxe5 22. b4 Bg4 23. Rd4 h5 24. Bxb7 Rb8 25. Bg2 Kf8 26. Rb1 Be2 27. Rb2 Bg4 28. Kf1 axb4 29. axb4 Rxc5 30. Ke1 Rc1+ 31. Kd2 Rg1 32. Be4 c5 33. Rc4 Rd8+ 34. Kc3 Rc1+ 35. Rc2 cxb4+ 36. Kxb4 Rb1+ 37. Kc3 Be6 38. Rd4 Rdb8 39. Kd2 Rf1 40. Ke2 Rfb1 41. Rcd2 Rg1 1/2-1/2